000
00435nam a22000977a 4500
100
_a
प्रभाकर,विष्णु
_9
4847
245
_a
संस्कृत साहित्य रत्नावली भाग -3 भवभूति के नाटक
260
_a
दिल्ली
_b
प्रकाशन विज्ञाग
_c
2017
650
_a
चिल्ड्रन बुक
_9
159
942
_c
HIN
999
_c
63154
_d
63154